[Event "Mistrzostwa Stowarzyszenia CROSS"]
[Site "Warszawa"]
[Date "2012.04.27"]
[Round "8"]
[White "Suder, Ryszard"]
[Black "Mackowiak, Marek"]
[Result "1/2-1/2"]
[WhiteElo "2191"]
[BlackElo "2195"]
[PlyCount "87"]
[EventDate "2012.04.20"]
[EventType "tourn"]
[EventRounds "1"]
[EventCountry "POL"]
[SourceDate "2012.04.20"]

1. Nf3 d5 2. g3 g6 3. Bg2 Bg7 4. d4 Nd7 5. O-O c6 6. Nbd2 Ngf6 7. c4 dxc4 8.
Nxc4 O-O 9. Qc2 Nb6 10. Nxb6 Bf5 11. Qb3 axb6 12. a3 b5 13. Rd1 Be6 14. Qc2 Bd5
15. Ne5 Bxg2 16. Kxg2 Qd5+ 17. f3 Rfd8 18. e4 Qe6 19. Be3 Ne8 20. f4 f6 21. Nf3
Nd6 22. e5 Nf5 23. Bf2 Qd5 24. Rac1 Rd7 25. Qc5 Rad8 26. Qxd5+ Rxd5 27. Re1 Bf8
28. Re2 Ng7 29. Be1 f5 30. Bb4 Ne6 31. Bc3 Bh6 32. Rf1 Bxf4 33. gxf4 Nxf4+ 34.
Kf2 Nxe2 35. Kxe2 h6 36. Ne1 e6 37. Nd3 Kf7 38. Nc5 Rb8 39. Ne4 g5 40. Ke3 b6
41. Nf6 Rdd8 42. Ne4 Rd5 43. Nf6 Rdd8 44. Ne4 1/2-1/2

[Event "Mistrzostwa Stowarzyszenia CROSS"]
[Site "Warszawa"]
[Date "2012.04.28"]
[Round "9"]
[White "Mackowiak, Marek"]
[Black "Falkowski, Dawid"]
[Result "1-0"]
[WhiteElo "2195"]
[BlackElo "2005"]
[PlyCount "41"]
[EventDate "2012.04.20"]
[EventType "tourn"]
[EventRounds "1"]
[EventCountry "POL"]
[SourceDate "2012.04.20"]

1. c4 e5 2. Nc3 Nc6 3. g3 g6 4. Bg2 Bg7 5. e3 d6 6. Nge2 Be6 7. b3 Qd7 8. h4
Nge7 9. Bb2 O-O-O 10. d4 exd4 11. Nd5 Bxd5 12. cxd5 Nb4 13. e4 Qb5 14. O-O c5
15. dxc6 Nexc6 16. Nxd4 Qb6 17. Nxc6 Bxb2 18. Bh3+ Kc7 19. Nxb4 Qxb4 20. Qc2+
Kb8 21. Qxb2 1-0

[Event "Mistrzostwa Stowarzyszenia CROSS"]
[Site "Warszawa"]
[Date "2012.04.28"]
[Round "9"]
[White "Ruszczycki, Jacek"]
[Black "Suder, Ryszard"]
[Result "0-1"]
[WhiteElo "1901"]
[BlackElo "2191"]
[PlyCount "78"]
[EventDate "2012.04.20"]
[EventType "tourn"]
[EventRounds "1"]
[EventCountry "POL"]
[SourceDate "2012.04.20"]

1. e4 d6 2. d4 Nf6 3. Nc3 g6 4. Be2 Bg7 5. Be3 c6 6. f3 b5 7. Qd2 Nbd7 8. a3
Bb7 9. Nh3 a6 10. Nf2 c5 11. Nd3 cxd4 12. Bxd4 Nxe4 13. Nxe4 Bxd4 14. Qh6 Qb6
15. c3 Bf6 16. Nef2 Ne5 17. O-O Nxd3 18. Bxd3 Qc5 19. Kh1 Qg5 20. Qxg5 Bxg5 21.
Ne4 Bh6 22. a4 bxa4 23. Rxa4 Kd7 24. Rfa1 Rhb8 25. b4 Bg7 26. R1a3 Rc8 27. c4
f5 28. Nd2 Bb2 29. Ra2 Bc3 30. Nb1 Bd4 31. g3 Bxf3+ 32. Rg2 d5 33. c5 a5 34.
Nd2 Bxg2+ 35. Kxg2 axb4 36. Bb5+ Ke6 37. c6 Rxa4 38. Bxa4 Kd6 39. Nb3 Bc3 0-1

[Event "Mistrzostwa Stowarzyszenia CROSS"]
[Site "Warszawa"]
[Date "2012.04.28"]
[Round "9"]
[White "Kulpinski, Piotr"]
[Black "Stachanczyk, Jacek"]
[Result "0-1"]
[WhiteElo "1965"]
[BlackElo "2243"]
[PlyCount "82"]
[EventDate "2012.04.20"]
[EventType "tourn"]
[EventRounds "1"]
[EventCountry "POL"]
[SourceDate "2012.04.20"]

1. d4 c5 2. c3 Nf6 3. Nf3 d5 4. Bg5 Ne4 5. Bh4 Nc6 6. Nbd2 Bf5 7. Nxe4 dxe4 8.
d5 Na5 9. Qa4+ b5 10. Qxb5+ Bd7 11. Qxc5 exf3 12. exf3 f6 13. b4 Nb7 14. Qe3 a5
15. Bd3 axb4 16. cxb4 Ba4 17. O-O e5 18. dxe6 Nd6 19. Rac1 Be7 20. Rc5 O-O 21.
Rh5 f5 22. Bxe7 Qxe7 23. g4 g6 24. Rh3 Bb5 25. Bxb5 Nxb5 26. Rd1 Nd6 27. Qe5
Rad8 28. a4 Nc4 29. Qe2 Rxd1+ 30. Qxd1 Qxe6 31. Qc1 fxg4 32. fxg4 Ne5 33. Rg3
Nf3+ 34. Kg2 Qd5 35. Kh3 Ng5+ 36. Kh4 Rxf2 37. Qc8+ Kg7 38. Qc7+ Kh6 39. h3
Nf3+ 40. Rxf3 g5+ 41. Kg3 Qxf3# 0-1

[Event "Mistrzostwa Stowarzyszenia CROSS"]
[Site "Warszawa"]
[Date "2012.04.28"]
[Round "9"]
[White "Stolarczyk, Anna"]
[Black "Gunajew, Rafal"]
[Result "0-1"]
[WhiteElo "1999"]
[BlackElo "2243"]
[PlyCount "138"]
[EventDate "2012.04.20"]
[EventType "tourn"]
[EventRounds "1"]
[EventCountry "POL"]
[SourceDate "2012.04.20"]

1. d4 Nf6 2. Nf3 g6 3. g3 Bg7 4. Bg2 c5 5. c3 Qc7 6. Bf4 d6 7. Na3 O-O 8. O-O
Nbd7 9. Qc1 Re8 10. Rd1 a6 11. Bh6 Bh8 12. Nc2 Rb8 13. h3 b5 14. Nd2 e5 15.
dxe5 dxe5 16. e4 c4 17. Ne1 Bb7 18. Be3 Rbc8 19. Qc2 Bg7 20. Nf1 Bf8 21. f3 Bc5
22. Kh2 Bxe3 23. Nxe3 Nc5 24. Bf1 Red8 25. Rxd8+ Rxd8 26. Rd1 Rd6 27. Rxd6 Qxd6
28. b4 Ne6 29. a3 Nh5 30. Kg2 Qd8 31. Qf2 Nhg7 32. Qc2 a5 33. Kh2 axb4 34. axb4
Nh5 35. Be2 Nf6 36. Ng4 Nxg4+ 37. hxg4 Qb6 38. Ng2 Ng5 39. Bd1 Qd8 40. Ne3 h6
41. Kg2 Qa8 42. Qd2 Kh7 43. Bc2 Qa1 44. Bd1 Kg7 45. Nd5 Qa7 46. Qf2 Qxf2+ 47.
Kxf2 Bxd5 48. exd5 f6 49. Ke3 Nf7 50. f4 Nd6 51. fxe5 fxe5 52. Bc2 Kf6 53. Kf3
Kg5 54. Be4 h5 55. gxh5 gxh5 56. Bc2 h4 57. gxh4+ Kxh4 58. Bh7 Kg5 59. Bb1 Kf6
60. Kg4 Ke7 61. Bc2 Ne8 62. Kf5 Kd6 63. Be4 Nc7 64. Kg4 Nxd5 65. Bg6 Nxc3 66.
Be8 Kd5 67. Kf3 Kd4 68. Kf2 Ne4+ 69. Ke1 Nd6 0-1

[Event "Mistrzostwa Stowarzyszenia CROSS"]
[Site "Warszawa"]
[Date "2012.04.28"]
[Round "9"]
[White "Hagner, Pawel"]
[Black "Dukaczewski, Piotr"]
[Result "0-1"]
[WhiteElo "1777"]
[BlackElo "2310"]
[PlyCount "82"]
[EventDate "2012.04.20"]
[EventType "tourn"]
[EventRounds "1"]
[EventCountry "POL"]
[SourceDate "2012.04.20"]

1. d4 Nf6 2. Nf3 g6 3. Bf4 Bg7 4. e3 d6 5. c3 O-O 6. Nbd2 Nbd7 7. Be2 b6 8. h3
Bb7 9. O-O Nh5 10. Bh2 e5 11. dxe5 dxe5 12. Nc4 Re8 13. Qc2 Qe7 14. a4 f5 15.
Rfe1 a6 16. Ncd2 c5 17. Qb3+ Kh8 18. Rad1 e4 19. Bd6 Qxd6 20. Nxe4 Qe7 21. Nd6
Ne5 22. Nxe5 Bxe5 23. Nf7+ Kg7 24. Nxe5 Qxe5 25. Qxb6 Re7 26. Rd6 f4 27. Bg4
Rf8 28. Re6 Rxe6 29. Bxe6 Qe4 30. f3 Qc6 31. Qb3 fxe3 32. Rxe3 Nf4 33. Bg8 Qd7
34. Bc4 Qd2 35. Re7+ Kh6 36. Bf1 Bd5 37. c4 Nxh3+ 38. Kh1 Nf2+ 39. Kg1 Bxf3 40.
Qe3+ Qxe3 41. Rxe3 Bc6 0-1

[Event "Mistrzostwa Stowarzyszenia CROSS"]
[Site "Warszawa"]
[Date "2012.04.28"]
[Round "9"]
[White "Wolanski, Michal"]
[Black "Zoltek, Tadeusz"]
[Result "1-0"]
[WhiteElo "1961"]
[BlackElo "2180"]
[PlyCount "111"]
[EventDate "2012.04.20"]
[EventType "tourn"]
[EventRounds "1"]
[EventCountry "POL"]
[SourceDate "2012.04.20"]

1. d4 Nf6 2. c4 e6 3. Nf3 Bb4+ 4. Bd2 Qe7 5. e3 b6 6. Nc3 Bb7 7. Be2 Bxc3 8.
Bxc3 Ne4 9. Qc2 Nxc3 10. Qxc3 d6 11. Rc1 O-O 12. h4 c5 13. Rg1 Nd7 14. g4 Bxf3
15. Bxf3 cxd4 16. Qxd4 Rac8 17. g5 d5 18. h5 Qb4+ 19. Ke2 Rxc4 20. Rxc4 Qxc4+
21. Qxc4 dxc4 22. Bc6 Ne5 23. Bb5 a6 24. Ba4 b5 25. Bc2 Rd8 26. f4 Nc6 27. Be4
Na5 28. Rd1 Rxd1 29. Kxd1 h6 30. Kc2 b4 31. a3 bxa3 32. bxa3 Kf8 33. Kc3 Ke7
34. Kb4 Nb3 35. Bb7 a5+ 36. Kxc4 Nd2+ 37. Kb5 Kd6 38. Kxa5 Nc4+ 39. Kb4 Nxe3
40. a4 f6 41. gxh6 gxh6 42. Kb5 Kc7 43. Bf3 Nf5 44. Kc5 Ne7 45. a5 e5 46. a6
Nc8 47. f5 Na7 48. Bb7 Nc8 49. Kd5 Kd7 50. Bc6+ Kc7 51. Bb5 Na7 52. Ba4 Kb6 53.
Ke6 e4 54. Kxf6 e3 55. Bd1 Kxa6 56. Kg6 1-0

[Event "Mistrzostwa Stowarzyszenia CROSS"]
[Site "Warszawa"]
[Date "2012.04.29"]
[Round "10"]
[White "Falkowski, Dawid"]
[Black "Zoltek, Tadeusz"]
[Result "0-1"]
[WhiteElo "2005"]
[BlackElo "2180"]
[PlyCount "88"]
[EventDate "2012.04.20"]
[EventType "tourn"]
[EventRounds "1"]
[EventCountry "POL"]
[SourceDate "2012.04.20"]

1. e4 e6 2. d4 d5 3. Nc3 Nf6 4. e5 Nfd7 5. f4 c5 6. Nf3 Nc6 7. Be3 cxd4 8. Nxd4
Bc5 9. Qd2 a6 10. Qf2 Nxd4 11. Bxd4 Qb6 12. O-O-O Bxd4 13. Qxd4 Qxd4 14. Rxd4
g5 15. g3 gxf4 16. gxf4 Rg8 17. Bh3 b6 18. Rhd1 Ra7 19. R4d3 Rc7 20. Rg3 Rg6
21. Ne2 Nc5 22. Bg2 Bd7 23. Nd4 Ke7 24. Bf1 Rh6 25. Rh3 Rxh3 26. Bxh3 Rc8 27.
Rg1 Nd3+ 28. Kd2 Nxf4 29. Bf1 Ng6 30. Nf3 Bb5 31. Bxb5 axb5 32. a3 Rc4 33. Rg5
Rf4 34. Ke3 Re4+ 35. Kd2 Nh4 36. Ng1 Ng6 37. Nf3 Nh4 38. Ng1 Nf5 39. Rg8 Rxe5
40. Rb8 Nd6 41. Nf3 Nc4+ 42. Kd1 Re3 43. Nd4 Nxb2+ 44. Kc1 Nc4 0-1

[Event "Mistrzostwa Stowarzyszenia CROSS"]
[Site "Warszawa"]
[Date "2012.04.29"]
[Round "10"]
[White "Dukaczewski, Piotr"]
[Black "Wolanski, Michal"]
[Result "1-0"]
[WhiteElo "2310"]
[BlackElo "1961"]
[PlyCount "87"]
[EventDate "2012.04.20"]
[EventType "tourn"]
[EventRounds "1"]
[EventCountry "POL"]
[SourceDate "2012.04.20"]

1. e4 c5 2. Nf3 d6 3. d4 cxd4 4. Nxd4 Nf6 5. Nc3 g6 6. Be3 Bg7 7. f3 O-O 8. Qd2
Nc6 9. Bc4 Bd7 10. O-O-O Rc8 11. Bb3 Ne5 12. h4 Nc4 13. Bxc4 Rxc4 14. h5 b5 15.
b3 Rc8 16. hxg6 fxg6 17. Bh6 Bxh6 18. Rxh6 Qa5 19. Kb2 b4 20. Nb1 Rc5 21. g4
Rfc8 22. Rc1 Qc7 23. Rh2 a5 24. g5 Nh5 25. f4 e5 26. Ne2 a4 27. fxe5 dxe5 28.
c4 a3+ 29. Ka1 Qb7 30. Rch1 Bg4 31. Qe3 R5c7 32. Nc1 Nf4 33. Rd2 Rd7 34. Rd5
Qc7 35. Nd3 Re8 36. Nxb4 Nxd5 37. Nxd5 Rxd5 38. cxd5 Qa5 39. Rc1 Rf8 40. Nd2
Qd8 41. b4 Rf4 42. b5 Qa5 43. b6 Rf7 44. Nc4 1-0

[Event "Mistrzostwa Stowarzyszenia CROSS"]
[Site "Warszawa"]
[Date "2012.04.29"]
[Round "10"]
[White "Gunajew, Rafal"]
[Black "Hagner, Pawel"]
[Result "1-0"]
[WhiteElo "2243"]
[BlackElo "1777"]
[PlyCount "81"]
[EventDate "2012.04.20"]
[EventType "tourn"]
[EventRounds "1"]
[EventCountry "POL"]
[SourceDate "2012.04.20"]

1. e4 g6 2. d4 Bg7 3. Nf3 d6 4. Bd3 Nf6 5. h3 O-O 6. c3 c5 7. Be3 cxd4 8. cxd4
Nc6 9. Nc3 a6 10. O-O b5 11. Qd2 Nb4 12. Bb1 Nc6 13. Re1 Bd7 14. Bg5 Qa5 15. e5
b4 16. exf6 bxc3 17. bxc3 exf6 18. Bf4 d5 19. Bc2 Be6 20. Bb3 Rfc8 21. Rac1 Qa3
22. Qd1 Na5 23. Nd2 Nc4 24. Nxc4 dxc4 25. Ba4 Bd5 26. Qc2 Ra7 27. Re2 Re7 28.
Rce1 Rxe2 29. Rxe2 f5 30. f3 Qf8 31. Bd7 Rd8 32. Qa4 Bh6 33. Bc7 Ra8 34. Qa5
Be6 35. Bc6 Qc8 36. Bxa8 Qxa8 37. Rb2 Be3+ 38. Kf1 Qd5 39. Be5 f6 40. Qxd5 Bxd5
41. Bxf6 1-0

[Event "Mistrzostwa Stowarzyszenia CROSS"]
[Site "Warszawa"]
[Date "2012.04.29"]
[Round "10"]
[White "Suder, Ryszard"]
[Black "Kulpinski, Piotr"]
[Result "0-1"]
[WhiteElo "2191"]
[BlackElo "1965"]
[PlyCount "94"]
[EventDate "2012.04.20"]
[EventType "tourn"]
[EventRounds "1"]
[EventCountry "POL"]
[SourceDate "2012.04.20"]

1. Nf3 d5 2. g3 c6 3. Bg2 Nf6 4. O-O Bf5 5. d3 Nbd7 6. Nbd2 e5 7. Qe1 h6 8. e4
dxe4 9. dxe4 Bh7 10. Qe2 Bc5 11. Ne1 O-O 12. Nd3 Bb6 13. Rd1 Qe7 14. Nc4 Bc7
15. a4 Rfd8 16. b3 Nb6 17. Ba3 Qe8 18. Nc5 Nxc4 19. Qxc4 Rxd1+ 20. Rxd1 Rd8 21.
Rxd8 Qxd8 22. Qd3 Qxd3 23. cxd3 Bd6 24. b4 b6 25. Na6 Kf8 26. Bb2 Nd7 27. d4 f6
28. b5 cxb5 29. axb5 exd4 30. Bxd4 Ke7 31. Kf1 Bg8 32. Ke1 Bc4 33. Bf1 Bxf1 34.
Kxf1 h5 35. Ke2 Ke6 36. Kd3 g5 37. Kc4 g4 38. Kd3 Ne5+ 39. Bxe5 Kxe5 40. Ke3
Bc5+ 41. Nxc5 bxc5 42. Kd3 Ke6 43. Kc3 Ke7 44. Kb3 Kd7 45. Kc3 Kc7 46. Kb3 Kb7
47. Ka3 a5 0-1

[Event "Mistrzostwa Stowarzyszenia CROSS"]
[Site "Warszawa"]
[Date "2012.04.29"]
[Round "10"]
[White "Mackowiak, Marek"]
[Black "Ruszczycki, Jacek"]
[Result "1-0"]
[WhiteElo "2195"]
[BlackElo "1901"]
[PlyCount "93"]
[EventDate "2012.04.20"]
[EventType "tourn"]
[EventRounds "1"]
[EventCountry "POL"]
[SourceDate "2012.04.20"]

1. c4 g6 2. Nc3 c5 3. e3 Bg7 4. d4 e6 5. Nf3 Ne7 6. Nb5 O-O 7. dxc5 b6 8. cxb6
Qxb6 9. Qd6 Nbc6 10. c5 Qb7 11. Qd2 a5 12. Be2 Qb8 13. O-O a4 14. Rb1 Ba6 15.
b3 axb3 16. Rxb3 Bxb5 17. Bxb5 Qa7 18. a4 Na5 19. Rd3 Rfd8 20. Ba3 Nd5 21. Rc1
Nc6 22. e4 Nde7 23. Rd1 Nb8 24. Nd4 Bf6 25. Nc2 Nbc6 26. Rxd7 Rxd7 27. Qxd7 Rd8
28. Qxd8+ Nxd8 29. Rxd8+ Kg7 30. c6 Qb6 31. Rd7 Nc8 32. g3 Be5 33. Kg2 h5 34.
Ne3 Qb8 35. Rb7 Qa8 36. Nc4 Bb8 37. Bc5 h4 38. a5 g5 39. a6 h3+ 40. Kxh3 Kg6
41. Kg2 g4 42. Nb6 Nxb6 43. Bxb6 Be5 44. c7 Qh8 45. a7 Qh3+ 46. Kg1 Bxc7 47.
a8=Q 1-0

[Event "Mistrzostwa Stowarzyszenia CROSS"]
[Site "Warszawa"]
[Date "2012.04.30"]
[Round "11"]
[White "Kulpinski, Piotr"]
[Black "Mackowiak, Marek"]
[Result "1/2-1/2"]
[WhiteElo "1965"]
[BlackElo "2195"]
[Annotator "M"]
[PlyCount "81"]
[EventDate "2012.04.20"]
[EventType "tourn"]
[EventRounds "1"]
[EventCountry "POL"]
[SourceDate "2012.04.20"]

1. d4 d5 2. c4 c6 3. cxd5 cxd5 4. Nc3 Nf6 5. Bf4 e6 6. Nf3 Nc6 7. e3 Bd6 8.
Bxd6 Qxd6 9. Bd3 O-O 10. Rc1 e5 11. dxe5 Nxe5 12. Nxe5 Qxe5 13. Be2 a6 14. Qd4
Qxd4 15. exd4 b5 16. O-O Be6 17. Bf3 Rfc8 18. a3 Kf8 19. Ne2 Rxc1 20. Rxc1 Rc8
21. Rxc8+ Bxc8 22. Nf4 Bb7 23. Kf1 Ke7 24. g3 Kd6 25. Ke2 Bc8 26. Nd3 Ng8 27.
Nc5 Ne7 28. Kd2 Nc6 29. Kc3 Nd8 30. Kb4 Nc6+ 31. Kc3 Nd8 $11 32. Be2 Kc6 33.
Nd3 Kd6 34. h4 Nc6 35. Bf3 Be6 36. Be2 a5 37. b4 a4 38. Nc5 Na7 39. Kd2 Kc6 40.
Ke3 Nc8 41. Nd3 $11 1/2-1/2

[Event "Mistrzostwa Stowarzyszenia CROSS"]
[Site "Warszawa"]
[Date "2012.04.30"]
[Round "11"]
[White "Stolarczyk, Anna"]
[Black "Suder, Ryszard"]
[Result "1/2-1/2"]
[WhiteElo "1999"]
[BlackElo "2191"]
[PlyCount "105"]
[EventDate "2012.04.20"]
[EventType "tourn"]
[EventRounds "1"]
[EventCountry "POL"]
[SourceDate "2012.04.20"]

1. d4 Nf6 2. Nf3 g6 3. g3 Bg7 4. Bg2 O-O 5. O-O d5 6. c3 Nbd7 7. Nbd2 c5 8. h3
Qc7 9. Re1 b6 10. e4 dxe4 11. Nxe4 Bb7 12. Nxf6+ Bxf6 13. Kh2 cxd4 14. Nxd4
Bxg2 15. Kxg2 Rad8 16. Be3 Ne5 17. Qe2 Rfe8 18. Red1 Nc4 19. Nf3 Nxe3+ 20. fxe3
Qc6 21. Kf2 Rxd1 22. Rxd1 Qe6 23. Qa6 Qxh3 24. Qxa7 Qe6 25. Qd7 Qxd7 26. Rxd7
Rb8 27. e4 Kf8 28. e5 Bg7 29. c4 Ra8 30. Rb7 Ke8 31. a3 Ra4 32. b4 Rxa3 33.
Rxb6 Bh6 34. Rb7 Be3+ 35. Ke2 h5 36. c5 Kd8 37. c6 g5 38. b5 g4 39. Nh4 Bc5 40.
b6 Re3+ 41. Kf1 Bxb6 42. Rxb6 Rxe5 43. Rb7 Rc5 44. Ke2 Rxc6 45. Nf5 Rf6 46. Nh4
Re6+ 47. Kf2 Re5 48. Ra7 Ke8 49. Ra8+ Kd7 50. Ra7+ Ke6 51. Ra6+ Kd7 52. Ra7+
Ke6 53. Ra6+ 1/2-1/2

[Event "Mistrzostwa Stowarzyszenia CROSS"]
[Site "Warszawa"]
[Date "2012.04.30"]
[Round "11"]
[White "Hagner, Pawel"]
[Black "Stachanczyk, Jacek"]
[Result "0-1"]
[WhiteElo "1777"]
[BlackElo "2243"]
[PlyCount "80"]
[EventDate "2012.04.20"]
[EventType "tourn"]
[EventRounds "1"]
[EventCountry "POL"]
[SourceDate "2012.04.20"]

1. Nf3 g6 2. d4 Bg7 3. Bf4 Nf6 4. e3 d6 5. c3 O-O 6. Nbd2 c5 7. Be2 Be6 8. h3
Qb6 9. Qc1 Rc8 10. O-O Nc6 11. Ng5 cxd4 12. Nxe6 fxe6 13. Nc4 Qa6 14. exd4 d5
15. Qe3 dxc4 16. Qxe6+ Kh8 17. Bxc4 Qa5 18. Bb3 Rf8 19. Be3 Rad8 20. Rae1 Rd6
21. Qc4 b5 22. Qe2 b4 23. Bf4 Rdd8 24. Qc4 Qd5 25. Qa6 Qf5 26. Bc7 Qc8 27. Qxc6
Rd7 28. Qb5 Qxc7 29. Qxb4 Qf4 30. Rxe7 Rxe7 31. Qxe7 Ne4 32. Bd1 Nd2 33. Bf3
Nxf1 34. Kxf1 Qc1+ 35. Qe1 Qxb2 36. Bd5 Qb5+ 37. c4 Qb2 38. c5 Bxd4 39. Bf3
Bxc5 40. Qa5 Qxf2# 0-1

[Event "Mistrzostwa Stowarzyszenia CROSS"]
[Site "Warszawa"]
[Date "2012.04.30"]
[Round "11"]
[White "Wolanski, Michal"]
[Black "Gunajew, Rafal"]
[Result "0-1"]
[WhiteElo "1961"]
[BlackElo "2243"]
[PlyCount "76"]
[EventDate "2012.04.20"]
[EventType "tourn"]
[EventRounds "1"]
[EventCountry "POL"]
[SourceDate "2012.04.20"]

1. c4 e5 2. Nc3 Nf6 3. Nf3 d6 4. g3 Be7 5. Bg2 c6 6. O-O Nbd7 7. d3 O-O 8. b4
a5 9. b5 Qc7 10. Ba3 Re8 11. Qc2 Bf8 12. Rab1 d5 13. Bxf8 Nxf8 14. Nd2 Be6 15.
b6 Qe7 16. cxd5 cxd5 17. Nb5 Rec8 18. Qb2 N8d7 19. Nc7 Rab8 20. Rfc1 Qd6 21.
Qb5 a4 22. Nxe6 fxe6 23. Qxa4 Rxc1+ 24. Rxc1 Qxb6 25. e3 Rf8 26. d4 exd4 27.
exd4 Qb2 28. Rc2 Qa1+ 29. Nf1 Nb6 30. Qb4 Nc4 31. Rxc4 dxc4 32. Qxc4 Kh8 33.
Bxb7 Rd8 34. Qxe6 Qxd4 35. Ne3 Qb2 36. Qe7 Rb8 37. Bf3 Qxa2 38. Nf5 Qb1+ 0-1

[Event "Mistrzostwa Stowarzyszenia CROSS"]
[Site "Warszawa"]
[Date "2012.04.30"]
[Round "11"]
[White "Zoltek, Tadeusz"]
[Black "Dukaczewski, Piotr"]
[Result "1-0"]
[WhiteElo "2180"]
[BlackElo "2310"]
[PlyCount "55"]
[EventDate "2012.04.20"]
[EventType "tourn"]
[EventRounds "1"]
[EventCountry "POL"]
[SourceDate "2012.04.20"]

1. c4 g6 2. g3 Bg7 3. Bg2 d6 4. Nc3 e5 5. d3 f5 6. e3 Nf6 7. Nge2 O-O 8. O-O
Kh8 9. Rb1 Nc6 10. b4 a6 11. Nd5 Nh5 12. a4 Qd7 13. b5 Nd8 14. f4 Qf7 15. e4
exf4 16. Nexf4 Nxf4 17. Nxf4 axb5 18. axb5 Bd4+ 19. Kh1 fxe4 20. Nxg6+ hxg6 21.
Rxf7 Nxf7 22. dxe4 Bc5 23. Bb2+ Ne5 24. Qd5 Re8 25. Rf1 Bd7 26. Qf7 Be6 27.
Qxg6 Bxc4 28. Rf4 1-0